Bestiaire Star Wars - Tatooine - Statistiques

Statistiques générales
  • Ce quiz a été pris 4 fois
  • Le résultat moyen est 4 sur 20
Statistiques - réponses
Réponse % Correct
Rancor
100%
Sarlac
100%
Bantha
67%
Dewback
33%
Eopie
33%
Rat Womp
33%
Ronto
33%
Anooba
0%
Dragon Krayt
0%
Galoump
0%
Gorg
0%
Ibian
0%
Jakrab
0%
Krittel
0%
Profogg
0%
Scurrier
0%
Sketto
0%
Urusaï
0%
Woodoo
0%
Worrt
0%
Aucun quiz correspondant
Distribution des résultats
% des personnes avec chaque résultat
Percentile par nombre de réponses
Votre historique - résultats
Vous n’avez pas pris ce quiz